000 01417nam a2200349Ia 4500
001 Z_6903
003 CHAP
008 220113s9999 xx 000 0 und d
010 _a170175
020 _a0-618-57424-7 \ 978-0-618-57424-7
040 _cCHAP
082 _a598.072347 K38
100 _aKaufman, Kenn
_9146301
245 _aGuía de Campo Kaufman a las aves de Norte-América /
_cKenn Kaufman ; colaboración de Rick y Nora Bowers y Lynn Hassler Kaufman ; traducción Patricia Manzano Fischer
246 _aGuía de Campo a las aves de Norteamerica : la guía más práctica para identificar aves
260 _aNew York (State) :
_bHoughton Mifflin,
_c
300 _a388 p.
500 _aTraducción de la obra en inglés: Birds of North America \ Ilustrada con más de 2,000 imágenes editada digitalmente por el autor -- Portada
503 _aej.1: consumo \ ej.2: consumo\ ej.3: consumo \ ej.4: consumo \ ej.5: consumo
650 _aAves
_x
_x América del Norte
_x
_x Identificación
_9146302
650 _aAves
_x
_x América del Norte
_x
_x Obras ilustradas
_9146303
700 _a Bowers, Nora, colab.
_9146304
700 _a Kaufman, Lynn Hassler, colab.
_9146305
700 _a Manzano Fischer, Patricia, tr.
_9146306
700 _aBowers, Rick, colab.
_9146307
901 _a598.072347 K38
902 _aM
910 _a
942 _c1
942 _cc1
999 _c170175
_d170175